00357nam a2200109Ia 4500008004100000082000800041100001900049245006300068942000600131952009500137999001500232240331s9999 xx 000 0 und d bSIV aSivathamby , K 0aThiravida iyakkak karuththu nilaiyin inraya poruththappadu cL 001040708LaWERCLbWERCLcSSCd2024-03-31l0o 894 SIVp4192r2024-03-31w2024-03-31yL c4192d4192